| 000 | 00410 a2200145 4500 | ||
|---|---|---|---|
| 005 | 20250318103028.0 | ||
| 020 | _a978-2-01-155427-7 | ||
| 082 | _a415 TAU | ||
| 100 | _aTAUZIN, B. | ||
| 245 | _aObjectif Express: Le Monde Professionnel en Franȧis | ||
| 260 |
_aParis, _bHachette Livre, _c2006. |
||
| 300 |
_a192p.: ill,; figure, maps, picture, table _bIndex. _c25cm. |
||
| 700 | _aDUBOIS, A. L. | ||
| 942 |
_2ddc _cBKS |
||
| 999 |
_c894 _d894 |
||